000 00890nam a2200277 i 4500
001 12920
003 ES-MaACL
005 20250811081607.0
007 t|
008 971013s1997 sp |||| | spa d
020 _a84-922335-2-4
080 _a1 Derrida, Jacques
080 _a800.1"19"
100 1 _aDerrida, Jacques.
_943797
245 1 3 _aEl tiempo de una tesis
_b: desconstrucción e implicaciones conceptuales /
_cJacques Derrida.
250 _a2ª ed.
260 _aBarcelona :
_bProyecto A,
_c1997.
300 _a111 p. ;
_c24 cm.
490 1 _aCuadernos A. Biblioteca universitaria ;
_v3.
_aAntología
600 1 4 _aDerrida, Jacques.
_943797
650 4 _aLenguaje-
_xFilosofía.
_914344
650 1 4 _aDeconstrucción.
_911540
830 0 0 _aCuadernos A.
_pBiblioteca universitaria
_v3.
_9228354
852 _aES-MaACL
_jL-20262
999 _c12920
_d12920